000 00523cas a22001574i 4500
999 _c59791
_d59791
001 768714001
003 CO-MdFUSB
005 20180413170254.0
008 180413s2005 cr ||||| |||| 00| 0 spa d
040 _aCO-MdFUSB
_bspa
_cCO-MdFUSB
_dCO-MdFUSB
041 _aspa
245 1 0 _aPreguntas y respuestas :
_bconfesión y perdón
300 _aVolumen 6. Número 16 (2005), páginas 252-255
_c: 28 cm.
773 0 _tConquista Cristiana
_049446
_960361
_gVolumen 6. Número 16 (2005), páginas 252-255
_qpágina 252
942 _cANA